<?xml version="1.0" encoding="UTF-8"?>
<record
    xmlns:xsi="http://www.w3.org/2001/XMLSchema-instance"
    xsi:schemaLocation="http://www.loc.gov/MARC21/slim http://www.loc.gov/standards/marcxml/schema/MARC21slim.xsd"
    xmlns="http://www.loc.gov/MARC21/slim">

  <leader>00403cas a2200145 a 4500</leader>
  <datafield tag="022" ind1=" " ind2=" ">
    <subfield code="a">0916-7250</subfield>
  </datafield>
  <datafield tag="040" ind1=" " ind2=" ">
    <subfield code="c">OSU</subfield>
  </datafield>
  <datafield tag="082" ind1=" " ind2=" ">
    <subfield code="a">604 THE 1991 A049 Or.</subfield>
  </datafield>
  <datafield tag="245" ind1="0" ind2="4">
    <subfield code="a">The Journal of veterinary medical science /</subfield>
  </datafield>
  <datafield tag="260" ind1=" " ind2=" ">
    <subfield code="a">Tokyo, Japan :</subfield>
    <subfield code="b">The Society :</subfield>
    <subfield code="b">Maruzen Co. [distributor,</subfield>
    <subfield code="c">1991-</subfield>
  </datafield>
  <datafield tag="300" ind1=" " ind2=" ">
    <subfield code="a">v. :</subfield>
    <subfield code="b">ill. ;</subfield>
    <subfield code="c">21 cm</subfield>
  </datafield>
  <datafield tag="500" ind1=" " ind2=" ">
    <subfield code="a">Title from cover</subfield>
  </datafield>
  <datafield tag="710" ind1="2" ind2=" ">
    <subfield code="a">Nihon J&#xBF;&#xB1;i Gakkai</subfield>
  </datafield>
  <datafield tag="942" ind1=" " ind2=" ">
    <subfield code="c">EK</subfield>
  </datafield>
  <datafield tag="999" ind1=" " ind2=" ">
    <subfield code="c">14274</subfield>
    <subfield code="d">14274</subfield>
  </datafield>
  <datafield tag="952" ind1=" " ind2=" ">
    <subfield code="0">0</subfield>
    <subfield code="1">0</subfield>
    <subfield code="4">0</subfield>
    <subfield code="6">604_000000000000000_THE_1991_A049_OR</subfield>
    <subfield code="7">0</subfield>
    <subfield code="9">66290</subfield>
    <subfield code="a">LBA</subfield>
    <subfield code="b">LBA</subfield>
    <subfield code="c">A049</subfield>
    <subfield code="d">2017-10-11</subfield>
    <subfield code="o">604 THE 1991 A049 Or.</subfield>
    <subfield code="p">A21721</subfield>
    <subfield code="r">2017-10-11</subfield>
    <subfield code="w">2017-10-11</subfield>
    <subfield code="y">EK</subfield>
  </datafield>
  <datafield tag="952" ind1=" " ind2=" ">
    <subfield code="0">0</subfield>
    <subfield code="1">0</subfield>
    <subfield code="4">0</subfield>
    <subfield code="6">604_000000000000000_THE_1991_A049_OR</subfield>
    <subfield code="7">0</subfield>
    <subfield code="9">66291</subfield>
    <subfield code="a">LBA</subfield>
    <subfield code="b">LBA</subfield>
    <subfield code="c">A049</subfield>
    <subfield code="d">2017-10-11</subfield>
    <subfield code="o">604 THE 1991 A049 Or.</subfield>
    <subfield code="p">A21716</subfield>
    <subfield code="r">2017-10-11</subfield>
    <subfield code="y">EK</subfield>
  </datafield>
  <datafield tag="952" ind1=" " ind2=" ">
    <subfield code="0">0</subfield>
    <subfield code="1">0</subfield>
    <subfield code="4">0</subfield>
    <subfield code="6">604_000000000000000_THE_1991_A049_OR</subfield>
    <subfield code="7">0</subfield>
    <subfield code="9">66292</subfield>
    <subfield code="a">LBA</subfield>
    <subfield code="b">LBA</subfield>
    <subfield code="c">A049</subfield>
    <subfield code="d">2017-10-11</subfield>
    <subfield code="o">604 THE 1991 A049 Or.</subfield>
    <subfield code="p">A20543</subfield>
    <subfield code="r">2017-10-11</subfield>
    <subfield code="y">EK</subfield>
  </datafield>
  <datafield tag="952" ind1=" " ind2=" ">
    <subfield code="0">0</subfield>
    <subfield code="1">0</subfield>
    <subfield code="4">0</subfield>
    <subfield code="6">604_000000000000000_THE_1991_A049_OR</subfield>
    <subfield code="7">0</subfield>
    <subfield code="9">66293</subfield>
    <subfield code="a">LBA</subfield>
    <subfield code="b">LBA</subfield>
    <subfield code="c">A049</subfield>
    <subfield code="d">2017-10-11</subfield>
    <subfield code="o">604 THE 1991 A049 Or.</subfield>
    <subfield code="p">A21736</subfield>
    <subfield code="r">2017-10-11</subfield>
    <subfield code="y">EK</subfield>
  </datafield>
  <datafield tag="952" ind1=" " ind2=" ">
    <subfield code="0">0</subfield>
    <subfield code="1">0</subfield>
    <subfield code="4">0</subfield>
    <subfield code="6">604_000000000000000_THE_1991_A049_OR</subfield>
    <subfield code="7">0</subfield>
    <subfield code="9">66294</subfield>
    <subfield code="a">LBA</subfield>
    <subfield code="b">LBA</subfield>
    <subfield code="c">A049</subfield>
    <subfield code="d">2017-10-11</subfield>
    <subfield code="l">1</subfield>
    <subfield code="o">604 THE 1991 A049 Or.</subfield>
    <subfield code="p">A21569</subfield>
    <subfield code="r">2023-08-11</subfield>
    <subfield code="s">2023-07-26</subfield>
    <subfield code="y">EK</subfield>
  </datafield>
  <datafield tag="952" ind1=" " ind2=" ">
    <subfield code="0">0</subfield>
    <subfield code="1">0</subfield>
    <subfield code="4">0</subfield>
    <subfield code="6">604_000000000000000_THE_1991_A049_OR</subfield>
    <subfield code="7">0</subfield>
    <subfield code="9">66295</subfield>
    <subfield code="a">LBA</subfield>
    <subfield code="b">LBA</subfield>
    <subfield code="c">A049</subfield>
    <subfield code="d">2017-10-11</subfield>
    <subfield code="o">604 THE 1991 A049 Or.</subfield>
    <subfield code="p">A21694</subfield>
    <subfield code="r">2017-10-11</subfield>
    <subfield code="y">EK</subfield>
  </datafield>
  <datafield tag="952" ind1=" " ind2=" ">
    <subfield code="0">0</subfield>
    <subfield code="1">0</subfield>
    <subfield code="4">0</subfield>
    <subfield code="6">604_000000000000000_THE_1991_A049_OR</subfield>
    <subfield code="7">0</subfield>
    <subfield code="9">66296</subfield>
    <subfield code="a">LBA</subfield>
    <subfield code="b">LBA</subfield>
    <subfield code="c">A049</subfield>
    <subfield code="d">2017-10-11</subfield>
    <subfield code="o">604 THE 1991 A049 Or.</subfield>
    <subfield code="p">A21891</subfield>
    <subfield code="r">2017-10-11</subfield>
    <subfield code="y">EK</subfield>
  </datafield>
  <datafield tag="952" ind1=" " ind2=" ">
    <subfield code="0">0</subfield>
    <subfield code="1">0</subfield>
    <subfield code="4">0</subfield>
    <subfield code="6">604_000000000000000_THE_1991_A049_OR</subfield>
    <subfield code="7">0</subfield>
    <subfield code="9">93544</subfield>
    <subfield code="a">LBA</subfield>
    <subfield code="b">LBA</subfield>
    <subfield code="c">A049</subfield>
    <subfield code="d">2023-07-10</subfield>
    <subfield code="o">604 THE 1991 A049 Or.</subfield>
    <subfield code="p">a24001</subfield>
    <subfield code="r">2023-07-10</subfield>
    <subfield code="w">2023-07-10</subfield>
    <subfield code="y">EK</subfield>
  </datafield>
</record>
